| 000 | 04846cam a2200433 i 4500 | ||
|---|---|---|---|
| 001 | 125099 | ||
| 005 | 20230410103923.0 | ||
| 008 | 141208s2016 nyuab b 001 0 eng | ||
| 035 | _a18399967 | ||
| 925 | 0 |
_aacquire _b1 shelf copy _xpolicy default _eclaim1 2015-10-05 |
|
| 942 |
_2lcc _cbk |
||
| 010 | _a 2014042376 | ||
| 020 | _a9780190218867 (paperback : acid-free paper) | ||
| 040 |
_aDLC _beng _cDLC _erda _dDLC |
||
| 041 | _aeng | ||
| 042 | _apcc | ||
| 043 | _aaw----- | ||
| 050 | 1 | 4 |
_a439 DS 62.4 _bG321m 2016 |
| 082 | 0 | 0 | _a956 |
| 100 | 1 |
_aGelvin, James L., _d1951- |
|
| 245 | 1 | 4 |
_aThe modern Middle East : _ba history / _cJames L. Gelvin, University of California, Los Angeles. |
| 250 | _aFourth edition. | ||
| 264 | 1 |
_aNew York : _bOxford University Press, _c[2016] |
|
| 300 |
_axii, 420 pages : _billustrations, maps ; _c24 cm |
||
| 336 |
_atext _btxt _2rdacontent |
||
| 337 |
_aunmediated _bn _2rdamedia |
||
| 338 |
_avolume _bnc _2rdacarrier |
||
| 504 | _aIncludes bibliographical references and index. | ||
| 505 | 0 | _aNew to this edition -- Part I. The advent of the modern age -- From late antiquity to the dawn of a new age -- Gunpowder empires -- The Middle East and the modern world system -- War, diplomacy, and the new global balance of power -- Documents: Evliya Chelebi : Seyahataname (1); Evliya Chelebi : Seyahataname (2); Draft Treaty of Amity and Commerce between the Ottoman Empire and France, February 1535; The travels of Sir John Chardin into Persia and the East-Indies (1); The travels of Sir John Chardin into Persia and the East-Indies (2) -- Part II. The question of modernity -- Defensive developmentalism -- Imperialism -- Wasif Jawhariyyeh and the great nineteenth-century transformation -- The life of the mind -- Secularism and modernity -- Constitutionalism -- Documents: Commercial Convention (Balta Liman) : Britain and the Ottoman Empire; The Hatt-i Sharif of Gulhane; The Islahat Fermani; The d'Arcy oil concession; Algeria : the poetry of loss; Huda Shaarawi : a new mentor and her salon for women; Rifaca Rafic al-Tahtawi : the extraction of gold or an overview of Paris; Muhammad Abduh : the theology of unity; Namik Kemal : extract from the journal Hurriyet; The supplementary Fundamental Law of 7 October 1907 -- Part III. War I and the Middle East state system -- State-building by decree -- State-building by revolution and conquest -- The invention and spread of nationalisms -- The Israeli-Palestinian conflict -- Documents: An Arab soldier in the Ottoman Army; Resolution of the Syrian General Congress at Damascus, 2 July 1919; Theodor Herzl : a solution of the Jewish question; The Balfour Declaration, 2 November 1917; Mahmud Darwish : eleven planets in the last Andalusian sky -- Part IV. The contemporary era -- The autocratic state -- Oil -- The United States and the Middle East -- Resistance -- The Arab uprisings -- Conclusion: The end of an era? -- Documents: Speech delivered by President Gamal Abd al-Nasser at Port-Said on the occasion of Victory Day on 23 December 1961; Zakaria Tamer : tigers on the tenth day -- Ali Shariati : the philosophy of history : the story of Cain and Abel -- Ayatollah Khomeini : Islamic government -- Sayyid Qutb : milestones -- Statement of the April 6 movement regarding the demands of the youth and the refusal to negotiate with any side -- Yassir al-Manawahly, The International Monetary Fund. | |
| 520 | _aExtensively revised and updated in the wake of the Arab uprisings, the changes that they fostered, and the fault lines that they exposed, the fourth edition of The Modern Middle East: A History explores how the forces associated with global modernity have shaped the social, economic, cultural, and political life in the region over the course of the past 500 years. Beginning with the first glimmerings of the current international state and economic systems in the sixteenth century, this book examines the impact of imperial and imperialist legacies, the great nineteenth-century transformation, cultural continuities and upheavals, international diplomacy, economic booms and busts, the emergence of authoritarian regimes and the varied forms of resistance to them and to imperialism in an area of vital concern to us all. The Modern Middle East: A History, Fourth Edition, is engagingly written--drawing from the author's own research and other studies--and enriched with maps and photographs, original documents, and an abundance of supplementary materials. | ||
| 651 | 0 |
_aMiddle East _xHistory. |
|
| 650 | 0 |
_aNationalism _zMiddle East _xHistory. |
|
| 650 | 0 |
_aSecularism _zMiddle East _xHistory. |
|
| 650 | 0 |
_aIslam and politics _zMiddle East _xHistory. |
|
| 651 | 0 |
_aMiddle East _xPolitics and government. |
|
| 651 | 4 |
_aOriente Medio _xHistoria. |
|
| 650 | 4 |
_aNacionalismo _zMedio Oriente _xHistoria. |
|
| 946 | _adpf | ||
| 999 |
_c28470 _d28470 |
||